zpět

Detail výsledku týmu

The PUB Praha 6 , Praha

Datum a čas kvízu

32 Celkem bodů Celkový počet nahraných bodů na tomto kvízu bez doplňovacích otázek.
3. Pořadí na kvízu Konečné umístění týmu na tomto kvízu.

Zaznamenané odpovědi

# Otázka Odpověď Body Výsledky
1. Dálnice D35 byla od pondělka t... traktor 0
2. Astronautům vracejícím se v mo... Porouchaný záchod. 1
3. Jak se jmenuje televizní stani... Šlágr TV 1
4. Čtyřiatřicetiletý tchajwanský... na PornHubu 1
5. Mezinárodní unie moderního pět... parkur/jezdectví 1
6. Podíváme se mezi lékaře, kteří... Sám sobě vyoperoval slepé střevo (a přežil). 0
7. V roce 2017 byl na Harvardově... Bohdan Pomahač 0
8. Jednou z postav seriálu Futura... Zoidberg 1
9. Další z mnoha veřejně známých... A) plastická chirurgie 1
10. Chirurga Benjamina Franklina „... Woody Allen 1